|
|
|
|
| LEADER |
00911nab#a2200313#ar4500 |
| 001 |
000074873 |
| 003 |
SVKKK |
| 005 |
20050607xxxxxxx. |
| 008 |
06 c xo huno |
| FMT |
|
|
|
| 038 |
|
|
|a SVKKK
|
| 040 |
|
|
|a SVKKK
|b slo
|e AACR2
|
| 041 |
0 |
|
|a hun
|
| 044 |
|
|
|a xo
|c SK
|
| 080 |
|
|
|a 392
|
| 242 |
1 |
0 |
|a Zásnuby
|
| 245 |
0 |
0 |
|a Eljegyzések
|
| 500 |
|
|
|a mikrofilm
|
| 520 |
2 |
|
|a o.i. zásnuby inžiniera imricha Paschera z Nitry s Ilonkou Horganyi zo Sátoraljaujhely (HU) dňa 24. december 1900.
|
| 650 |
0 |
4 |
|a zásnuby - Pascher, Imrich (inžinier) - Nitra (ZS) - Horgonyi, Ilonka (snúbenica) - Sátoraljaujhely (HU) - správy
|
| 773 |
0 |
|
|t Felsőmagyarországi Hirlap : Politikai ujság
|g Roč. 4, č. 1 (03.01.1901) s. 2
|
| 957 |
|
|
|a Nitra
|
| 957 |
|
|
|a Sátoraljaujhely (HU)
|
| 958 |
|
|
|a DG
|
| 958 |
|
|
|a SK
|
| 974 |
|
|
|a Ba
|d 20050607
|
| 992 |
|
|
|a RBX
|
| BAS |
|
|
|
| 998 |
|
|
|a RETRO
|